Rivers of Victoria Quiz Stats

 Plays Quiz not verified by Sporcle

Support Sporcle.
Go Orange.
Score 0/44 Timer 10:00
0 Plays Today
Rivers of Victoria % Correct
Murray River
91.8%
Yarra River
85.7%
Maribyrnong River
67.3%
Barwon River
51%
Goulburn River
46.9%
Snowy River
46.9%
Campaspe River
44.9%
Loddon River
40.8%
Ovens River
38.8%
Werribee River
38.8%
Glenelg River
32.7%
Latrobe River
30.6%
Mitchell River
30.6%
Hopkins River
22.4%
Plenty River
22.4%
Wimmera River
22.4%
Broken River
20.4%
Mitta Mitta River
20.4%
Cann River
18.4%
Tambo River
18.4%
Moorabool River
16.3%
Thomson river
16.3%
Rivers of Victoria % Correct
Avoca River
14.3%
Avon River
14.3%
Patterson River
12.2%
Yea River
12.2%
Nicholson River
10.2%
Bass River
8.2%
Lerderderg River
8.2%
Morwell River
8.2%
Delatite River
6.1%
Moyne River
6.1%
Dargo River
4.1%
Fitzroy River
4.1%
Buckland River
2%
Coliban River
2%
Kiewa River
2%
Lang Lang River
2%
Wannon River
2%
Bunyip River
0%
Rubicon River
0%
Wentworth River
0%
Cobungra River
-2%
Timbarra River
-2%

You're not logged in!

Compare scores with friends on all Sporcle quizzes.
OR
Log In

From the Vault

Cartoon by Instagram Story

by BoggelTeam

Maybe you've seen someone post these before.
Remove Ads.
Support Sporcle.
Get the best of Sporcle when you Go Orange. This ad-free experience offers more features, more stats, and more fun while also helping to support Sporcle. Thank you for becoming a member.

Show Comments

Extras

Created Oct 2, 2009ReportNominate
Tags:Topography Quiz, River, Victoria

Top Quizzes Today


Score Distribution

Your Account Isn't Verified!

In order to create a playlist on Sporcle, you need to verify the email address you used during registration. Go to your Sporcle Settings to finish the process.

Report this User

Report this user for behavior that violates our Community Guidelines.

Details: